000 00695nam a2200289Ia 4500
005 20260324124050.0
008 008 260324s9999 xx 000 0 eng d
020 _a9781315089379
037 _aEBOOK
040 _aCRL
040 _beng
040 _cCRL
041 _2eng
041 _aeng
084 _qCRL
100 _aAine Larkin
_91172703
245 0 _aProust Writing Photography
245 0 _bFixing the Fugitive in A La Recherche Du Temps Perdu
260 _bTaylor and Francis
260 _c2011
365 _a
365 _b220
856 _uhttp://www.taylorfrancis.com/books/9781315089379
942 _cEBOOK
999 _c1766786
_d1766786